00703ccm a2200217 a 4500001000800000005001700008008004100025010001700066020001500083040001800098041000800116080001100124082001100135100000700146101000800153245014000161906004500301942001200346999001700358952011000375573376720180301094325.0980413s1996 azuuuz n eng  a 95071172  a0964788608 aDLCcDLCdDLC aeng a7 OWE a7 OWE1 a44 aART04aThe art of the Native American flute /cby R. Carlos Nakai and James DeMars with additional material by David P. McAllester, Ken Light. a7bcbccorignewd2encipf19gy-genmusic 2ddccBK c43901d43901 00102udc40708PËKGa002b002cPËKGd2018-03-01l0o7 OWEp002-3000578r2018-03-01w2018-03-01yBK